<?xml version="1.0" encoding="UTF-8"?>
<record
    xmlns:xsi="http://www.w3.org/2001/XMLSchema-instance"
    xsi:schemaLocation="http://www.loc.gov/MARC21/slim http://www.loc.gov/standards/marcxml/schema/MARC21slim.xsd"
    xmlns="http://www.loc.gov/MARC21/slim">

  <leader>00493nam a22001697a 4500</leader>
  <controlfield tag="005">20230603124708.0</controlfield>
  <controlfield tag="008">230329b        |||||||| |||| 00| 0 eng d</controlfield>
  <datafield tag="020" ind1=" " ind2=" ">
    <subfield code="a">9788190938525</subfield>
  </datafield>
  <datafield tag="041" ind1=" " ind2=" ">
    <subfield code="a">eng</subfield>
  </datafield>
  <datafield tag="082" ind1=" " ind2=" ">
    <subfield code="a">616.07/GUP</subfield>
  </datafield>
  <datafield tag="100" ind1=" " ind2=" ">
    <subfield code="a">Gupta, Preeti</subfield>
  </datafield>
  <datafield tag="245" ind1=" " ind2=" ">
    <subfield code="a">A Text Book of Pathology</subfield>
    <subfield code="b">(Exclusively Designed for B.Sc. Nursing Semester -III Students)</subfield>
  </datafield>
  <datafield tag="260" ind1=" " ind2=" ">
    <subfield code="a">Jalandhar</subfield>
    <subfield code="b">S.Vikas and Company(Medical Publisher)</subfield>
  </datafield>
  <datafield tag="300" ind1=" " ind2=" ">
    <subfield code="a">255P.</subfield>
  </datafield>
  <datafield tag="942" ind1=" " ind2=" ">
    <subfield code="c">CB</subfield>
  </datafield>
  <datafield tag="999" ind1=" " ind2=" ">
    <subfield code="c">144280</subfield>
    <subfield code="d">144280</subfield>
  </datafield>
  <datafield tag="650" ind1=" " ind2=" ">
    <subfield code="a">PATHOLOGY</subfield>
    <subfield code="9">181744</subfield>
  </datafield>
  <datafield tag="952" ind1=" " ind2=" ">
    <subfield code="0">0</subfield>
    <subfield code="1">0</subfield>
    <subfield code="2">ddc</subfield>
    <subfield code="4">0</subfield>
    <subfield code="7">0</subfield>
    <subfield code="a">SNCN</subfield>
    <subfield code="b">SNCN</subfield>
    <subfield code="d">2023-03-29</subfield>
    <subfield code="e">Complimentary copy by S. Vikas and Company (Medical Publisher)</subfield>
    <subfield code="g">495.00</subfield>
    <subfield code="l">10</subfield>
    <subfield code="m">1</subfield>
    <subfield code="o">616.07/GUP</subfield>
    <subfield code="p">SNCN-CB-28</subfield>
    <subfield code="r">2025-01-08 00:00:00</subfield>
    <subfield code="s">2025-01-03</subfield>
    <subfield code="v">495.00</subfield>
    <subfield code="w">2023-03-29</subfield>
    <subfield code="y">CB</subfield>
  </datafield>
</record>
